000 00298nam a22001217a 4500
008 180514b xxu||||| |||| 00| 0 eng d
041 _aeng
080 _a043.3
100 _a0
101 _aMBE-BTH
245 _aKarakterisitikat e Organizimit të NVM-ve në Kosovë
_cNallbani,H
942 _2udc
_cBK
999 _c45735
_d45735